Георги Димитров и работническото движение в Русе (Запис номер 150965)
[ съкратено ]
| 000 -Лидер | |
|---|---|
| Контролно поле с фиксирана дължина | 02393nam a2200517 a 4500 |
| 003 - Код на организацията, давaща контролен номер | |
| Контролно поле | BLK |
| 005 - Дата и час на последна редакция | |
| Контролно поле | 20240422141623.0 |
| 008 - Елементи от данни с фиксирана дължина | |
| fixed length control field | 180410b bul|||||r ||||||| ||bul|| |
| 010 ## - Наследен системен номер | |
| LC control number | KNG00157320000 |
| 040 ## - Източник на каталожния запис | |
| Идентификатор на билиотеката - собственик на записа | BLK |
| 041 ## - Код за език | |
| Код за езика на текст/звукозапис или на отделно заглавие | Български |
| Код за езика КДБФ | Български |
| 072 #7 - Код за тематичната категория | |
| Код организация | bullib |
| Код за тематична категория | К |
| Текст | Краезнание |
| 080 ## - УДК | |
| Текстов определител УДК | Комунистически партии. Вж и 327.323 |
| УДК код - определител по УДК | 329.15 |
| УДК определител | (497.2)БКП(092) |
| УДК - код + определител | 329.15(497.2)БКП(092) |
| 080 ## - УДК | |
| Текстов определител УДК | Михайлов, Георги Димитров. Български политик, ръководител на БКП и генерален секретар на Коминтерна, министър-председател |
| УДК код - определител по УДК | 929 Димитров, Георги |
| УДК - код + определител | 929 Димитров, Георги |
| 100 ## - Редна дума - Автор | |
| Автор | Радков, Иван Кънчев |
| Дати, свързани с автора | 1929-2007 |
| Автор - информация (биография) | Бълг. историк, русенски общественик, доцент, доктор на историческите науки, професор. Учител в Русе от 1953 до 1956 г. Директор на Окр. истор. музей в Русе от 1956 до 1970 г. |
| R(LIN) | 365519 |
| 139 ## - Редно поле | |
| Редна дума | Радков, Иван Кънчев |
| Авторски знак | Дими - Д 58 |
| 245 10 - Сведения за заглавието | |
| Заглавие | Георги Димитров и работническото движение в Русе |
| Подзаглавни данни | [Очерк] |
| Редно поле (дума) | Иван Кънчев Радков. |
| 257 ## - Страна на издаване | |
| Страна на създаване/издаване | България |
| 260 ## - Област на издателските данни | |
| Място на издаване, разпространение и проч. | Русе |
| Име на издателя, разпространителя и проч. | Окр. съвет на проф. съюзи |
| Година на издаване | 1972 |
| 300 ## - Физическа характеристика | |
| Страници | 80 с. |
| Илюстрации и др. | с ил. |
| Размери/Мащаб | 20 см |
| 380 ## - Жанр | |
| Жанр | Обществени науки |
| 500 ## - Общи забележки | |
| Забележка | 3 000 тир. |
| 600 14 - Име на лице, използвано като предмет | |
| За него / За нея | Димитров, Георги |
| 9 (RLIN) | 246718 |
| 650 #4 - Допълнително описание по предмет – тема | |
| Основно описание – тема или топоним | БКП - дейци |
| 9 (RLIN) | 242529 |
| 650 #4 - Допълнително описание по предмет – тема | |
| Основно описание – тема или топоним | БКП - местни партийни организации |
| 9 (RLIN) | 296529 |
| 651 #4 - Допълнително описание по предмет - топоним | |
| Географско понятие | България |
| 9 (RLIN) | 241624 |
| 651 #4 - Допълнително описание по предмет - топоним | |
| Географско понятие | Русе |
| 9 (RLIN) | 179462 |
| 653 ## - Ключова дума – ненормативна | |
| Ключова дума | БКП |
| 653 ## - Ключова дума – ненормативна | |
| Ключова дума | комунисти |
| 653 ## - Ключова дума – ненормативна | |
| Ключова дума | партийни организации |
| 653 ## - Ключова дума – ненормативна | |
| Ключова дума | Георги Димитров |
| 653 ## - Ключова дума – ненормативна | |
| Ключова дума | Русе |
| 659 ## - Тематичен бюлетин | |
| Тематичен бюлетин | К |
| 852 ## - Местоположение | |
| Форматна сигнатура | Цб 61961 |
| Фондова буква | Хранилище |
| 852 ## - Местоположение | |
| Форматна сигнатура | К 329(092)/Д 58 Г |
| 856 4# - Електронен адрес и достъп | |
| Електронен формат | pdf - файл |
| 856 4# - Електронен адрес и достъп | |
| Електронен формат | pdf - файл |
| 999 ## - СИСТЕМНИ КОНТРОЛНИ НОМЕРА | |
| Koha biblionumber | 150965 |
| Koha biblioitemnumber | 150965 |
| 942 ## - АРТИКУЛИ | |
| Вид на библиотечния материал | Книги |
| Скрит в OPAC | Не |
| Периодичен библиозапис | Да |
| 944 ## - СЪЗДАВАНЕ И РЕДАКЦИЯ на ЗАПИСА | |
| Създаване/Редакция | Създаване |
| Дата на регистрацията/редакция | 28.02.2014 |
| Статус, дата на статуса | Севдалина Тодорова |
| Служител, извършил регистрацията/редакцията | 30540 |
| 944 ## - СЪЗДАВАНЕ И РЕДАКЦИЯ на ЗАПИСА | |
| Създаване/Редакция | Редакция |
| Дата на регистрацията/редакция | 10.09.2015 |
| Статус, дата на статуса | 28.02.2014 - от С1,Р / 28.02.2014 |
| Служител, извършил регистрацията/редакцията | Валя_Йорданова |
| 944 ## - СЪЗДАВАНЕ И РЕДАКЦИЯ на ЗАПИСА | |
| Създаване/Редакция | Редакция |
| Дата на регистрацията/редакция | 2022-07-29 |
| Служител, извършил регистрацията/редакцията | ВП |
| 999 ## - СИСТЕМНИ КОНТРОЛНИ НОМЕРА | |
| Koha biblioitemnumber | 150965 |
| 999 ## - СИСТЕМНИ КОНТРОЛНИ НОМЕРА | |
| Koha biblioitemnumber | 150965 |
| 999 ## - СИСТЕМНИ КОНТРОЛНИ НОМЕРА | |
| Koha biblioitemnumber | 150965 |
| 999 ## - СИСТЕМНИ КОНТРОЛНИ НОМЕРА | |
| Koha biblioitemnumber | 150965 |
| Код за отписване | Код за изгубен артикул | Източник на класификационната схема | Код за повреда | Коз за рестрикции | Код за отдаване | Артикулен № | Име на библиотеката - собственик | Име на библиотеката, в която се намира в момента | Статус (Текущо местоположение) | Дата на вписване в системата | Местоположение - отдел | Цена в лева | Инвентарен номер | Систематично азбучна сигнатура | Баркод | Номер на екземпляра | Цена в евро | Служебна бележка | Служебен тип на артикула |
|---|---|---|---|---|---|---|---|---|---|---|---|---|---|---|---|---|---|---|---|
| Не е изгубен | Universal Decimal Classification | Не е повреден | само за читалня | ползва се в читалня | 252262 | Регионална библиотека "Любен Каравелов" Русе | Регионална библиотека "Любен Каравелов" Русе | Хранилище | 1972-01-01 | Хранилище | 0.20 | 116240 | Цб 61961 | 120000116240 | 1 | 0.10 | Дост: Dp Вид: Д N: Сф Дата: 01.01.1972 | Книги | |
| Не е изгубен | Universal Decimal Classification | Не е повреден | без рестрикции | ползва се в читалня | 252263 | Регионална библиотека "Любен Каравелов" Русе | Регионална библиотека "Любен Каравелов" Русе | Краезнание | 1972-01-01 | Краезнание | 0.40 | 111704 | К 329(092)/Д 58 Г | 120000111704 | 2 | 0.20 | N: Сф Дата: 01.01.1972 Дата инв: 13.11.2017 Бележки инв: К2017 | Книги | |
| Не е изгубен | Universal Decimal Classification | Не е повреден | без рестрикции | ползва се в читалня | 252264 | Регионална библиотека "Любен Каравелов" Русе | Регионална библиотека "Любен Каравелов" Русе | Краезнание | 1972-01-01 | Краезнание | 0.00 | 457997 | К 329(092)/Д 58 Г | 120000457997 | 3 | 0.00 | N: Сф Дата: 01.01.1972 Дата инв: 13.11.2017 Бележки инв: К2017 | Книги |